MARC

LEADER 00000nam0a2200000 4500
001 362143
005 20231102011447.0
035 |a (RuTPU)RU\TPU\retro\19489 
090 |a 362143 
100 |a 20210716d1980 km y0rusy50 ca 
101 0 |a rus 
102 |a RU 
105 |a a z 001zy 
200 1 |a Геологическая интерпретация сейсмических зондирований земной коры  |f И. А. Резанов 
210 |a Москва  |c Недра  |d 1980 
215 |a 264 с.  |c ил. 
320 |a Библиогр.: с. 254-261 
606 1 |a Сейсмическая разведка  |2 stltpush  |3 (RuTPU)RU\TPU\subj\54338  |9 72495 
610 1 |a сейсмическое зондирование 
610 1 |a земная кора 
610 1 |a геологическая интерпретация 
610 1 |a глубинные исследования 
610 1 |a упругие свойства 
610 1 |a древние платформы 
610 1 |a складчатость 
610 1 |a складчатый пояс 
610 1 |a хребты 
610 1 |a впадины 
610 1 |a верхняя мантия 
610 1 |a вещественный состав 
675 |a 550.834  |v 4 
700 1 |a Резанов  |b И. А.  |g Игорь Александрович 
801 1 |a RU  |b 63413507  |c 20210716 
942 |c BK